London Underground - Stations on the District Line Quiz Stats

 Plays Quiz Updated Oct 23, 2018

Score 0/60 Timer 10:00
1 Play Today
Station % Correct
Victoria
74.8%
Earl's Court
73.2%
Embankment
71.2%
Wimbledon
70.5%
Westminster
70.5%
South Kensington
69.7%
Richmond
63.7%
Tower Hill
63.6%
Upminster
63.5%
Monument
62.9%
Temple
62.8%
Sloane Square
62%
St James's Park
61.5%
Kensington (Olympia)
61.1%
Blackfriars
60.3%
Ealing Broadway
60.1%
Hammersmith
59.9%
Mansion House
57.6%
Gloucester Road
57.3%
Aldgate East
57.1%
Cannon Street
56.9%
High Street Kensington
56.3%
West Ham
56%
Paddington
55.9%
Barons Court
52.7%
East Ham
52.1%
Putney Bridge
52%
Kew Gardens
50.9%
Barking
49.9%
Notting Hill Gate
48.7%
Station % Correct
Fulham Broadway
47.9%
Edgware Road
47.6%
West Kensington
46.6%
Acton Town
46.5%
Whitechapel
46.4%
Mile End
46.1%
Turnham Green
45.6%
Upton Park
44.5%
Parsons Green
43.6%
Ealing Common
42.9%
Dagenham East
42.7%
Bayswater
42.5%
Bromley-By-Bow
42.3%
Wimbledon Park
41.4%
East Putney
41.1%
Gunnersbury
40.9%
Southfields
40.3%
Plaistow
39.5%
Chiswick Park
39.5%
Upminster Bridge
39.4%
Ravenscourt Park
38.3%
Bow Road
37.2%
Stepney Green
37.1%
Dagenham Heathway
36.5%
West Brompton
36.4%
Upney
36.2%
Hornchurch
35.4%
Stamford Brook
33.6%
Becontree
29.7%
Elm Park
29.4%

You're not logged in!

Compare scores with friends on all Sporcle quizzes.
OR
Log In

Sporcle TV

Today on Sporcle TV


Watch our educational content, quiz creation guides, and fun videos on Sporcle TV.

Show Comments

Extras

Top Quizzes Today


Score Distribution

Your Account Isn't Verified!

In order to create a playlist on Sporcle, you need to verify the email address you used during registration. Go to your Sporcle Settings to finish the process.

Report this User

Report this user for behavior that violates our Community Guidelines.

Details: